[Event "19. Obert Int. Sant Marti 2017"]
[Site "Barcelona ESP"]
[Date "2017.07.16"]
[Round "4.49"]
[White "Rizouk, Aimen"]
[Black "Anuj, Shrivatri"]
[Result "1-0"]
[WhiteElo "2472"]
[BlackElo "1920"]
[PlyCount "83"]
[EventDate "2017.07.13"]
[EventType "swiss"]
[EventRounds "9"]
[EventCountry "ESP"]
[SourceTitle "Ajedrez en Madrid"]
[Source "lmi"]
[SourceDate "2017.07.13"]
[SourceVersion "1"]
[SourceVersionDate "2019.06.21"]
[SourceQuality "1"]

1. e4 e6 2. d4 d5 3. Nd2 a6 4. Ngf3 c5 5. dxc5 Bxc5 6. exd5 exd5 7. Nb3 Bb6 8.
Bg5 Ne7 9. Bd3 Nbc6 10. O-O O-O 11. Re1 f6 12. Be3 Bg4 13. Bxb6 Qxb6 14. Be2
Bh5 15. Qd2 Rfd8 16. Rad1 Bf7 17. Nfd4 Ne5 18. c3 N7c6 19. Bf1 Nc4 20. Qc1 Re8
21. Nf5 N6e5 22. Ne3 Rad8 23. Rd4 a5 24. Nxc4 Nxc4 25. Rdd1 Rxe1 26. Rxe1 Nxb2
27. Qxb2 a4 28. Re7 axb3 29. Qxb3 Qxb3 30. axb3 Rc8 31. Rxb7 Kf8 32. b4 Rxc3
33. f3 Rc2 34. b5 Rb2 35. Bd3 Bg6 36. Bxg6 hxg6 37. Kf1 g5 38. h3 d4 39. b6 d3
40. Ke1 Rxg2 41. Rc7 Rb2 42. b7 1-0

[Event "19. Obert Int. Sant Marti 2017"]
[Site "Barcelona ESP"]
[Date "2017.07.16"]
[Round "4.50"]
[White "Serarols Mabras, Bernat"]
[Black "Amer, Said Salim Al Maash"]
[Result "1/2-1/2"]
[WhiteElo "2308"]
[BlackElo "2025"]
[PlyCount "91"]
[EventDate "2017.07.13"]
[EventType "swiss"]
[EventRounds "9"]
[EventCountry "ESP"]
[SourceTitle "Ajedrez en Madrid"]
[Source "lmi"]
[SourceDate "2017.07.13"]
[SourceVersion "1"]
[SourceVersionDate "2019.06.21"]
[SourceQuality "1"]

1. d4 Nf6 2. c4 e6 3. g3 c5 4. d5 exd5 5. cxd5 d6 6. Nc3 g6 7. Bg2 Bg7 8. Nf3
O-O 9. O-O Re8 10. Bf4 Bf5 11. Nh4 Bc8 12. Qd2 a6 13. a4 Qe7 14. Rfe1 Nbd7 15.
Nf3 Rb8 16. Rab1 b5 17. axb5 axb5 18. b4 Nh5 19. Bg5 Bf6 20. bxc5 Nxc5 21. Bxf6
Nxf6 22. Nd4 Bd7 23. Ndxb5 Bxb5 24. Nxb5 Nfe4 25. Qd4 Rb6 26. Bxe4 Qxe4 27.
Qxe4 Nxe4 28. Nc3 Rxb1 29. Nxb1 f5 30. Rd1 Rc8 31. Re1 Nf6 32. Rd1 Rc5 33. Na3
Nxd5 34. Kf1 Kf7 35. Rb1 Ke6 36. Nb5 Nc3 37. Nxc3 Rxc3 38. Rb7 h5 39. f3 Rc1+
40. Kf2 Rh1 41. Kg2 Re1 42. Rb2 g5 43. Rd2 Ke5 44. Ra2 d5 45. Kf2 Rh1 46. Kg2
1/2-1/2

[Event "19. Obert Int. Sant Marti 2017"]
[Site "Barcelona ESP"]
[Date "2017.07.16"]
[Round "4.51"]
[White "Minguell Soler, Joan"]
[Black "Mateus, Alejandro"]
[Result "1/2-1/2"]
[WhiteElo "2021"]
[BlackElo "2240"]
[PlyCount "110"]
[EventDate "2017.07.13"]
[EventType "swiss"]
[EventRounds "9"]
[EventCountry "ESP"]
[SourceTitle "Ajedrez en Madrid"]
[Source "lmi"]
[SourceDate "2017.07.13"]
[SourceVersion "1"]
[SourceVersionDate "2019.06.21"]
[SourceQuality "1"]

1. d4 d5 2. c4 c6 3. Nf3 Nf6 4. e3 e6 5. Nc3 Nbd7 6. Bd3 Bd6 7. O-O Qe7 8. e4
dxc4 9. Bxc4 e5 10. Bg5 O-O 11. d5 Rd8 12. Qe2 Nf8 13. h3 h6 14. Bh4 Ng6 15.
Bg3 Nh5 16. Rac1 Nhf4 17. Qc2 Qf6 18. Nh2 h5 19. Bxf4 Nxf4 20. Ne2 Ng6 21. dxc6
bxc6 22. Rfd1 Nh4 23. Rd3 Bc7 24. Rcd1 Rxd3 25. Rxd3 Bb6 26. Ng3 Be6 27. Nf3
Re8 28. Nxh5 Qg6 29. Nxh4 Qxh5 30. Bxe6 Rxe6 31. Nf5 g6 32. Ne3 Bd4 33. Ng4 Qh4
34. Rf3 Qg5 35. b3 Kg7 36. Qc4 Qe7 37. Qc1 Qh4 38. Qd2 Rd6 39. Qc1 Re6 40. Kh2
Rd6 41. Qc4 Re6 42. Qc2 Rd6 43. Qc4 Re6 44. Qc2 Qg5 45. Ne3 Rf6 46. Nf5+ Kh7
47. Nxd4 exd4 48. Rxf6 Qxf6 49. Kg1 Qf4 50. Qd3 Qc1+ 51. Qf1 Qc2 52. Qc4 d3 53.
Qxf7+ Kh8 54. Qf8+ Kh7 55. Qf7+ Kh8 1/2-1/2

[Event "19. Obert Int. Sant Marti 2017"]
[Site "Barcelona ESP"]
[Date "2017.07.16"]
[Round "4.52"]
[White "Soham, Das"]
[Black "Sanchez Jerez, Emilio Miguel"]
[Result "1/2-1/2"]
[WhiteElo "2020"]
[BlackElo "2216"]
[PlyCount "95"]
[EventDate "2017.07.13"]
[EventType "swiss"]
[EventRounds "9"]
[EventCountry "ESP"]
[SourceTitle "Ajedrez en Madrid"]
[Source "lmi"]
[SourceDate "2017.07.13"]
[SourceVersion "1"]
[SourceVersionDate "2019.06.21"]
[SourceQuality "1"]

1. e4 c6 2. d4 g6 3. Nc3 d5 4. Nf3 Bg7 5. h3 Nf6 6. e5 Ne4 7. Bd3 Nxc3 8. bxc3
c5 9. O-O c4 10. Be2 Qa5 11. a4 Nd7 12. Ba3 Qxc3 13. a5 Qxa5 14. Bxe7 Qb6 15.
Bd6 Bf8 16. Bxf8 Nxf8 17. Qd2 Ne6 18. c3 O-O 19. h4 Ng7 20. h5 gxh5 21. Qf4 Bg4
22. Rfb1 Qc6 23. Bd1 f6 24. exf6 Rxf6 25. Qg5 Rf5 26. Qe7 Rf7 27. Qxf7+ Kxf7
28. Ne5+ Kf6 29. Nxc6 bxc6 30. Bxg4 hxg4 31. Ra6 Rc8 32. Rb7 h5 33. Raxa7 Ne6
34. Rf7+ Kg6 35. Rfe7 Kf6 36. Rf7+ Kg6 37. f4 gxf3 38. gxf3 Ng5 39. Rfc7 Nxf3+
40. Kg2 Rxc7 41. Rxc7 Nd2 42. Rxc6+ Kf5 43. Rh6 Ke4 44. Rxh5 Nb1 45. Re5+ Kd3
46. Rxd5 Nxc3 47. Rc5 Kxd4 48. Rxc4+ 1/2-1/2

[Event "19. Obert Int. Sant Marti 2017"]
[Site "Barcelona ESP"]
[Date "2017.07.16"]
[Round "4.53"]
[White "Franco Valencia, Angela"]
[Black "Moravich, Juan"]
[Result "1/2-1/2"]
[WhiteElo "2214"]
[BlackElo "2006"]
[PlyCount "84"]
[EventDate "2017.07.13"]
[EventType "swiss"]
[EventRounds "9"]
[EventCountry "ESP"]
[SourceTitle "Ajedrez en Madrid"]
[Source "lmi"]
[SourceDate "2017.07.13"]
[SourceVersion "1"]
[SourceVersionDate "2019.06.21"]
[SourceQuality "1"]

1. e4 c5 2. Nf3 Nf6 3. Nc3 d5 4. exd5 Nxd5 5. Bc4 Nb6 6. Bb5+ Bd7 7. a4 a6 8.
Bxd7+ Qxd7 9. O-O Nc6 10. b3 e6 11. a5 Nd5 12. Na4 Rd8 13. Ba3 Ndb4 14. d3 Qc7
15. Bb2 Qxa5 16. Ng5 Qc7 17. Qh5 Rd5 18. c4 g6 19. Qh4 Rd4 20. Bxd4 Nxd4 21.
Ne4 Be7 22. Qh6 Nf5 23. Qh3 Nd4 24. Rae1 Nxb3 25. Qh6 Bf8 26. Nf6+ Kd8 27. Qh3
Nd2 28. Rd1 Nxf1 29. Kxf1 Nc6 30. Rb1 Nd4 31. Nb6 Be7 32. Nfd7 Qf4 33. Re1 Bd6
34. Re4 Qf5 35. Qe3 h5 36. Rxd4 cxd4 37. Qxd4 Ke7 38. c5 Bf4 39. g3 Bc7 40.
Qxh8 Qxd3+ 41. Kg1 Qb1+ 42. Kg2 Qe4+ 1/2-1/2

[Event "19. Obert Int. Sant Marti 2017"]
[Site "Barcelona ESP"]
[Date "2017.07.16"]
[Round "4.54"]
[White "Degraeve, Remy"]
[Black "Molano Lafuente, Ismael"]
[Result "0-1"]
[WhiteElo "2164"]
[BlackElo "2004"]
[PlyCount "86"]
[EventDate "2017.07.13"]
[EventType "swiss"]
[EventRounds "9"]
[EventCountry "ESP"]
[SourceTitle "Ajedrez en Madrid"]
[Source "lmi"]
[SourceDate "2017.07.13"]
[SourceVersion "1"]
[SourceVersionDate "2019.06.21"]
[SourceQuality "1"]

1. e4 e5 2. Nf3 d6 3. d4 Nc6 4. Nc3 Nf6 5. Bb5 Bd7 6. Bxc6 Bxc6 7. Qd3 exd4 8.
Nxd4 Be7 9. Nxc6 bxc6 10. O-O O-O 11. Bd2 Rb8 12. b3 Ng4 13. Qe2 Qd7 14. f3 Ne5
15. f4 Ng6 16. Qh5 f5 17. Rf3 Rf7 18. Rh3 Nf8 19. Re1 fxe4 20. Nxe4 d5 21. Nf2
Bc5 22. Be3 Rf5 23. Qg4 Bb4 24. Re2 d4 25. Bxd4 Qxd4 26. c3 Qf6 27. Ne4 Bc5+
28. Kh1 Qg6 29. Qh4 Bd6 30. Nxd6 Qxd6 31. Rhe3 Qxf4 32. Qxf4 Rxf4 33. g3 Rf7
34. Re5 Rb5 35. Re8 g6 36. Ra8 a5 37. Ra6 Rc5 38. c4 Kg7 39. Kg2 g5 40. Re8 Ng6
41. Rea8 Rcf5 42. Rxa5 c5 43. R8a6 g4 0-1

[Event "19. Obert Int. Sant Marti 2017"]
[Site "Barcelona ESP"]
[Date "2017.07.16"]
[Round "4.55"]
[White "Degraeve, Thomas"]
[Black "Gil Quilez, Sonia"]
[Result "1-0"]
[WhiteElo "2008"]
[BlackElo "2158"]
[PlyCount "135"]
[EventDate "2017.07.13"]
[EventType "swiss"]
[EventRounds "9"]
[EventCountry "ESP"]
[SourceTitle "Ajedrez en Madrid"]
[Source "lmi"]
[SourceDate "2017.07.13"]
[SourceVersion "1"]
[SourceVersionDate "2019.06.21"]
[SourceQuality "1"]

1. d4 d6 2. c4 e5 3. d5 f5 4. e4 fxe4 5. Nc3 Nf6 6. Bg5 Bf5 7. Nge2 Be7 8. Ng3
Bg6 9. h4 Qd7 10. Bxf6 gxf6 11. h5 Bf7 12. Ncxe4 f5 13. Nc3 e4 14. Qd2 O-O 15.
f3 Na6 16. fxe4 f4 17. Nf5 Bg5 18. g3 Nc5 19. Bh3 Qd8 20. gxf4 Bh4+ 21. Kd1
Bxh5+ 22. Kc2 Bf6 23. Nh6+ Kh8 24. Bf5 Qe8 25. Qh2 Bxc3 26. Qxh5 Qxh5 27. Rxh5
Bd4 28. Ng4 Rxf5 29. Rxf5 Rg8 30. Rg5 Rxg5 31. fxg5 Nxe4 32. Kd3 Bxb2 33. Rb1
Nc5+ 34. Ke3 Bc3 35. Rc1 Bb2 36. Rc2 Ba1 37. Kf4 Kg7 38. Kf5 Nd7 39. Re2 Kf7
40. Rh2 Kg7 41. Ne3 Bd4 42. Ke4 Bxe3 43. Kxe3 Ne5 44. Rc2 b6 45. Kf4 Kg6 46.
Rh2 Nxc4 47. Rh6+ Kg7 48. Re6 Kf7 49. Rf6+ Kg7 50. Kf5 Ne5 51. Ke6 b5 52. Rf2
Kg6 53. Rc2 Nc4 54. Rh2 a5 55. Kd7 a4 56. Kxc7 b4 57. Rh4 Ne3 58. Kc6 b3 59.
Rxa4 bxa2 60. Rxa2 Kxg5 61. Kxd6 h5 62. Ke6 Nxd5 63. Kxd5 h4 64. Ke4 Kg4 65.
Rg2+ Kh3 66. Rg5 Kh2 67. Kf3 Kh1 68. Rh5 1-0

[Event "19. Obert Int. Sant Marti 2017"]
[Site "Barcelona ESP"]
[Date "2017.07.16"]
[Round "4.56"]
[White "Perez Pastora, Evarist"]
[Black "Minko, Dmitry"]
[Result "1/2-1/2"]
[WhiteElo "2142"]
[BlackElo "1987"]
[PlyCount "70"]
[EventDate "2017.07.13"]
[EventType "swiss"]
[EventRounds "9"]
[EventCountry "ESP"]
[SourceTitle "Ajedrez en Madrid"]
[Source "lmi"]
[SourceDate "2017.07.13"]
[SourceVersion "1"]
[SourceVersionDate "2019.06.21"]
[SourceQuality "1"]

1. e4 e6 2. d4 d5 3. Nc3 Bb4 4. e5 c5 5. Bd2 Ne7 6. Nb5 Bxd2+ 7. Qxd2 O-O 8. f4
a6 9. Nd6 cxd4 10. Nf3 f6 11. Nxc8 Nxc8 12. Nxd4 Qb6 13. O-O-O fxe5 14. fxe5
Ne7 15. g3 Nf5 16. Nxf5 Rxf5 17. Bh3 Rh5 18. Bg4 Rxe5 19. Rhe1 Nd7 20. Qc3 Qd6
21. Bh3 Re8 22. Rxe5 Nxe5 23. Re1 Nc6 24. Qb3 b5 25. Qe3 Nd8 26. a4 bxa4 27.
Qd4 a3 28. b3 e5 29. Qa4 Nc6 30. Rd1 Rb8 31. Qxa6 e4 32. Bf1 Qc5 33. Rxd5 Qe3+
34. Kd1 Qf3+ 35. Kc1 Qe3+ 1/2-1/2

[Event "19. Obert Int. Sant Marti 2017"]
[Site "Barcelona ESP"]
[Date "2017.07.16"]
[Round "4.57"]
[White "Asensio Linan, Teodoro"]
[Black "Monroy G., Nataly A."]
[Result "1-0"]
[WhiteElo "2126"]
[BlackElo "1947"]
[PlyCount "67"]
[EventDate "2017.07.13"]
[EventType "swiss"]
[EventRounds "9"]
[EventCountry "ESP"]
[SourceTitle "Ajedrez en Madrid"]
[Source "lmi"]
[SourceDate "2017.07.13"]
[SourceVersion "1"]
[SourceVersionDate "2019.06.21"]
[SourceQuality "1"]

1. d4 c5 2. d5 e6 3. c4 exd5 4. cxd5 d6 5. Nc3 g6 6. Nf3 Bg7 7. Bf4 Nf6 8. h3
O-O 9. a4 a6 10. Nd2 Re8 11. Nc4 Bf8 12. e3 b6 13. Qb3 Nh5 14. Bh2 Nd7 15. Be2
Qg5 16. g4 Nhf6 17. Bf4 Qh4 18. Nd2 Ne5 19. Bxe5 Nxg4 20. Bg3 Qh6 21. Nce4 Bf5
22. Bf3 Nxe3 23. Qxe3 Bxe4 24. Nxe4 f5 25. Qxh6 Bxh6 26. O-O fxe4 27. Bg4 e3
28. Be6+ Kg7 29. Bxd6 exf2+ 30. Kxf2 Bg5 31. Kg3 h5 32. Rf7+ Kh6 33. Raf1 Rad8
34. Bf8+ 1-0

[Event "19. Obert Int. Sant Marti 2017"]
[Site "Barcelona ESP"]
[Date "2017.07.16"]
[Round "4.58"]
[White "Marzo Pie, Xavier"]
[Black "Garcia Gil, Javier"]
[Result "0-1"]
[WhiteElo "1996"]
[BlackElo "2116"]
[PlyCount "86"]
[EventDate "2017.07.13"]
[EventType "swiss"]
[EventRounds "9"]
[EventCountry "ESP"]
[SourceTitle "Ajedrez en Madrid"]
[Source "lmi"]
[SourceDate "2017.07.13"]
[SourceVersion "1"]
[SourceVersionDate "2019.06.21"]
[SourceQuality "1"]

1. d4 Nf6 2. c4 e6 3. Nc3 Bb4 4. Qc2 c5 5. e3 O-O 6. Nf3 Nc6 7. Bd3 d5 8. cxd5
exd5 9. O-O Qe7 10. a3 Bxc3 11. Qxc3 c4 12. Bc2 Re8 13. Ba4 Ne4 14. Qe1 Bg4 15.
Ne5 Nxe5 16. dxe5 Bd7 17. Bc2 Qxe5 18. Qe2 Nf6 19. Bd2 Qxb2 20. Rfc1 Qe5 21.
Rab1 b5 22. a4 a6 23. Ra1 d4 24. Qf3 d3 25. Bd1 Ne4 26. Ba5 Rab8 27. Bb4 Ng5
28. Qh5 Qf6 29. axb5 axb5 30. Ra7 Bc6 31. Rca1 Qg6 32. R1a6 Rec8 33. Qxg6 hxg6
34. Bd6 c3 35. Bxb8 c2 36. Ra1 Rxb8 37. Rc7 b4 38. Bxc2 dxc2 39. Rxc6 b3 40.
Rc1 Rd8 41. Rf1 Rd1 42. f4 b2 43. fxg5 Rxf1+ 0-1

[Event "19. Obert Int. Sant Marti 2017"]
[Site "Barcelona ESP"]
[Date "2017.07.16"]
[Round "4.59"]
[White "Kyrkjebo, Hanna B."]
[Black "Vigo Allepuz, David"]
[Result "1/2-1/2"]
[WhiteElo "1923"]
[BlackElo "2104"]
[PlyCount "96"]
[EventDate "2017.07.13"]
[EventType "swiss"]
[EventRounds "9"]
[EventCountry "ESP"]
[SourceTitle "Ajedrez en Madrid"]
[Source "lmi"]
[SourceDate "2017.07.13"]
[SourceVersion "1"]
[SourceVersionDate "2019.06.21"]
[SourceQuality "1"]

1. e4 e6 2. d3 d5 3. Qe2 Be7 4. Nf3 Nf6 5. g3 c5 6. Bg2 Nc6 7. O-O dxe4 8. dxe4
e5 9. c3 O-O 10. Bg5 Be6 11. Rd1 Qc7 12. Nbd2 a6 13. Bxf6 Bxf6 14. Nc4 Bxc4 15.
Qxc4 Na5 16. Qe2 c4 17. Rd5 Rad8 18. Rad1 b5 19. Qe3 g6 20. Bh3 Nb7 21. b4 cxb3
22. axb3 Nc5 23. c4 bxc4 24. bxc4 Ne6 25. Qe2 Nc5 26. Ne1 Na4 27. Rc1 Be7 28.
Nd3 Nb6 29. Rxd8 Rxd8 30. c5 Nd7 31. Nb4 Nxc5 32. Nxa6 Qb6 33. Nxc5 Bxc5 34.
Ra1 Bd4 35. Rc1 Kg7 36. Kg2 Rb8 37. Rd1 Qc6 38. Rd2 Rb1 39. Rc2 Qb6 40. Qd2 Qa6
41. Qe2 Qb7 42. Bg4 Ra1 43. Rd2 Rc1 44. Bf3 Qb4 45. Qd3 Rc3 46. Qe2 Qa3 47. Ra2
Qc1 48. Rd2 Qa3 1/2-1/2

[Event "19. Obert Int. Sant Marti 2017"]
[Site "Barcelona ESP"]
[Date "2017.07.16"]
[Round "4.60"]
[White "Ruperez, Miguel"]
[Black "Claramunt Bassegoda, Marcel"]
[Result "1-0"]
[WhiteElo "2103"]
[BlackElo "1977"]
[PlyCount "125"]
[EventDate "2017.07.13"]
[EventType "swiss"]
[EventRounds "9"]
[EventCountry "ESP"]
[SourceTitle "Ajedrez en Madrid"]
[Source "lmi"]
[SourceDate "2017.07.13"]
[SourceVersion "1"]
[SourceVersionDate "2019.06.21"]
[SourceQuality "1"]

1. d4 Nf6 2. c4 e5 3. dxe5 Ng4 4. e3 Nxe5 5. f4 Nec6 6. Nf3 Bc5 7. Bd3 Qe7 8.
Nc3 Nb4 9. O-O O-O 10. Bb1 d6 11. a3 Bxe3+ 12. Kh1 Bxc1 13. axb4 Bxf4 14. Nd5
Qe6 15. Bf5 Qh6 16. Bxc8 Rxc8 17. Qd4 Nc6 18. Qxf4 Qxf4 19. Nxf4 Nxb4 20. Nd4
g6 21. Kg1 Re8 22. Nb5 Re5 23. Rxa7 Rxa7 24. Nxa7 g5 25. Nh5 Re2 26. b3 Nc2 27.
Ng3 Rd2 28. Rf2 Rd1+ 29. Nf1 Ne3 30. Rf3 Nc2 31. Nb5 c6 32. Nc3 Rd4 33. Rf2 Na1
34. Rd2 Nxb3 35. Rxd4 Nxd4 36. Ne4 d5 37. cxd5 cxd5 38. Nf6+ Kg7 39. Nxd5 Kg6
40. Kf2 h5 41. Ke3 Nc6 42. Nd2 f5 43. Nc4 Kf7 44. Nc7 Kg6 45. Nd6 b6 46. Nc4 h4
47. Nxb6 Ne5 48. h3 g4 49. Nbd5 gxh3 50. gxh3 Ng4+ 51. Kf3 Ne5+ 52. Kf2 Nd3+
53. Ke3 Nc5 54. Nf4+ Kf6 55. Ncd5+ Kg5 56. Nc3 Kf6 57. Kf3 Kg5 58. Ncd5 Ne4 59.
Ne6+ Kh5 60. Ne7 Nd2+ 61. Kf4 Ne4 62. Kxf5 Nf2 63. Ng8 1-0

[Event "19. Obert Int. Sant Marti 2017"]
[Site "Barcelona ESP"]
[Date "2017.07.16"]
[Round "4.61"]
[White "Meenal, Gupta"]
[Black "Lacasta Palacio, Joaquim"]
[Result "0-1"]
[WhiteElo "1915"]
[BlackElo "2092"]
[PlyCount "66"]
[EventDate "2017.07.13"]
[EventType "swiss"]
[EventRounds "9"]
[EventCountry "ESP"]
[SourceTitle "Ajedrez en Madrid"]
[Source "lmi"]
[SourceDate "2017.07.13"]
[SourceVersion "1"]
[SourceVersionDate "2019.06.21"]
[SourceQuality "1"]

1. e4 e5 2. Nf3 d6 3. d4 Nd7 4. Bc4 c6 5. a4 Be7 6. O-O Ngf6 7. Nc3 O-O 8. b3
exd4 9. Nxd4 Ne5 10. Be2 d5 11. f4 Ng6 12. e5 Ne8 13. Bb2 f6 14. exf6 Bxf6 15.
Qd2 Qb6 16. Rad1 Nd6 17. Kh1 Re8 18. g3 Bh3 19. Rfe1 Bxd4 20. Qxd4 Qxd4 21.
Rxd4 Re6 22. Kg1 Rae8 23. Kf2 Nf5 24. Rd2 Ne3 25. Bf3 Bf5 26. Rc1 Nf8 27. Nd1
Ng4+ 28. Bxg4 Bxg4 29. Nc3 Nd7 30. Ba3 b6 31. Rh1 h5 32. b4 Nf6 33. b5 c5 0-1

[Event "19. Obert Int. Sant Marti 2017"]
[Site "Barcelona ESP"]
[Date "2017.07.16"]
[Round "4.62"]
[White "Kyrkjebo, Erlend"]
[Black "Mateu Farre, Josep Maria"]
[Result "1-0"]
[WhiteElo "2085"]
[BlackElo "1974"]
[PlyCount "45"]
[EventDate "2017.07.13"]
[EventType "swiss"]
[EventRounds "9"]
[EventCountry "ESP"]
[SourceTitle "Ajedrez en Madrid"]
[Source "lmi"]
[SourceDate "2017.07.13"]
[SourceVersion "1"]
[SourceVersionDate "2019.06.21"]
[SourceQuality "1"]

1. e4 e5 2. Nf3 Nf6 3. Nxe5 d6 4. Nf3 Nxe4 5. Nc3 Nxc3 6. dxc3 Be7 7. Be3 Nc6
8. Qd2 Be6 9. O-O-O Bxa2 10. b3 a5 11. Kb2 a4 12. Kxa2 axb3+ 13. Kxb3 Ra5 14.
Qe1 Qa8 15. Kb2 Ra2+ 16. Kc1 Nb4 17. cxb4 Qa3+ 18. Kd2 Qxb4+ 19. Ke2 Rxc2+ 20.
Nd2 Bh4 21. Kf3 O-O 22. g3 Re8 23. Bd3 1-0

[Event "19. Obert Int. Sant Marti 2017"]
[Site "Barcelona ESP"]
[Date "2017.07.16"]
[Round "4.63"]
[White "Chernikov, Vladimir"]
[Black "Barragan Hernandez, Manel"]
[Result "1-0"]
[WhiteElo "2079"]
[BlackElo "1936"]
[PlyCount "129"]
[EventDate "2017.07.13"]
[EventType "swiss"]
[EventRounds "9"]
[EventCountry "ESP"]
[SourceTitle "Ajedrez en Madrid"]
[Source "lmi"]
[SourceDate "2017.07.13"]
[SourceVersion "1"]
[SourceVersionDate "2019.06.21"]
[SourceQuality "1"]

1. g4 d5 2. Bg2 c6 3. g5 e5 4. d3 Be6 5. Nc3 Nd7 6. e4 Bb4 7. a3 Bxc3+ 8. bxc3
dxe4 9. Bxe4 Bd5 10. Qe2 Ne7 11. Nf3 Ng6 12. h4 Qa5 13. Bd2 Nf4 14. c4 Nxe2 15.
Bxa5 Bxe4 16. Kxe2 Bxf3+ 17. Kxf3 b6 18. Bc3 O-O-O 19. a4 a5 20. c5 Nxc5 21.
Bxe5 f6 22. gxf6 gxf6 23. Bf4 Ne6 24. Be3 Nd4+ 25. Bxd4 Rxd4 26. Ke3 Rg4 27.
Rab1 Kc7 28. c4 Re8+ 29. Kf3 Rd4 30. Rb3 Red8 31. Ke3 c5 32. Rhb1 R8d6 33. f4
Re6+ 34. Kf3 f5 35. Rg1 Rg6 36. Rg5 Rxg5 37. hxg5 Rd6 38. Kg3 Rd4 39. Kf3 Rd6
40. Ke3 Re6+ 41. Kd2 h6 42. Rb1 hxg5 43. fxg5 Rg6 44. Rg1 Kd6 45. Ke3 Ke5 46.
Kf3 Rd6 47. Re1+ Kd4 48. Kf4 Rd8 49. Re5 Kc3 50. Rd5 Re8 51. g6 Kb4 52. Rd6
Kxa4 53. Rxb6 Ka3 54. Kxf5 a4 55. Kf6 Ka2 56. Kf7 Re3 57. g7 Rf3+ 58. Rf6 Rxd3
59. g8=Q Kb3 60. Qa8 a3 61. Rf3 Rxf3+ 62. Qxf3+ Kb2 63. Qf2+ Kb1 64. Qxc5 a2
65. Qa5 1-0

[Event "19. Obert Int. Sant Marti 2017"]
[Site "Barcelona ESP"]
[Date "2017.07.16"]
[Round "4.64"]
[White "Llados Clos, Jaume"]
[Black "Gonzalez Saguillo, Oriol"]
[Result "0-1"]
[WhiteElo "1801"]
[BlackElo "2077"]
[PlyCount "96"]
[EventDate "2017.07.13"]
[EventType "swiss"]
[EventRounds "9"]
[EventCountry "ESP"]
[SourceTitle "Ajedrez en Madrid"]
[Source "lmi"]
[SourceDate "2017.07.13"]
[SourceVersion "1"]
[SourceVersionDate "2019.06.21"]
[SourceQuality "1"]

1. e4 c5 2. Nc3 Nc6 3. f4 d6 4. Nf3 g6 5. Bc4 Bg7 6. O-O Nf6 7. d3 O-O 8. Qe1
Bg4 9. Qh4 Bxf3 10. Rxf3 Qd7 11. Nd5 Nxd5 12. exd5 Nd4 13. Rh3 h5 14. c3 Nf5
15. Qe1 b5 16. Bb3 a5 17. Bd1 Nh6 18. Bf3 Rab8 19. Bd2 b4 20. Qe2 Rfe8 21. Rf1
Nf5 22. Bxh5 gxh5 23. Qxh5 bxc3 24. Bxc3 Nd4 25. f5 f6 26. Rf4 e5 27. dxe6 Nxe6
28. fxe6 Qxe6 29. Qh7+ Kf8 30. Bxf6 Bxf6 31. Rhf3 Qe1+ 32. Rf1 Qe3+ 33. R4f2
Qd4 34. Qh8+ Ke7 35. Qxf6+ Qxf6 36. Rxf6 Rxb2 37. R6f2 Reb8 38. h4 a4 39. h5 a3
40. g4 R8b4 41. Rf7+ Ke6 42. R7f6+ Kd7 43. Rg6 Rxa2 44. h6 Rbb2 45. Rf7+ Kc6
46. h7 Ra1+ 47. Rf1 Rxf1+ 48. Kxf1 a2 0-1

[Event "19. Obert Int. Sant Marti 2017"]
[Site "Barcelona ESP"]
[Date "2017.07.16"]
[Round "4.65"]
[White "Guix Torres, David"]
[Black "Jijo, Joy"]
[Result "1-0"]
[WhiteElo "2055"]
[BlackElo "1647"]
[PlyCount "103"]
[EventDate "2017.07.13"]
[EventType "swiss"]
[EventRounds "9"]
[EventCountry "ESP"]
[SourceTitle "Ajedrez en Madrid"]
[Source "lmi"]
[SourceDate "2017.07.13"]
[SourceVersion "1"]
[SourceVersionDate "2019.06.21"]
[SourceQuality "1"]

1. e4 d6 2. d4 Nf6 3. Nc3 g6 4. Be3 a6 5. Qd2 b5 6. Bd3 Nbd7 7. f3 Nb6 8. h4
Bb7 9. Nh3 Nc4 10. Bxc4 bxc4 11. Qe2 d5 12. e5 Ng8 13. e6 fxe6 14. Ng5 Qd6 15.
Bd2 Bc8 16. O-O-O Bg7 17. Rhe1 Bxd4 18. Nxe6 Bxe6 19. Qxe6 Qxe6 20. Rxe6 Kd7
21. Nxd5 Bxb2+ 22. Kxb2 Rb8+ 23. Rb6 cxb6 24. Bc3 Nh6 25. Bxh8 Rxh8 26. Nxb6+
Kc7 27. Nxc4 Nf5 28. Ne5 Rd8 29. Rxd8 Kxd8 30. g4 Nxh4 31. Kc3 Kc7 32. Kd4 Kd6
33. c4 h5 34. c5+ Ke6 35. Ke4 hxg4 36. fxg4 g5 37. Nc6 Ng6 38. Nd4+ Kf6 39. c6
e6 40. c7 Ne7 41. Nc6 Nc8 42. Nb8 Nd6+ 43. Ke3 a5 44. Nc6 Nc8 45. Nxa5 Ke5 46.
Nc6+ Kd6 47. Nd4 Ne7 48. Ke4 Nc8 49. Nb5+ Kc6 50. a4 Kc5 51. Ke5 Kb4 52. Nd6
1-0

[Event "19. Obert Int. Sant Marti 2017"]
[Site "Barcelona ESP"]
[Date "2017.07.16"]
[Round "4.66"]
[White "Lorenzo Martinez, Ruben"]
[Black "Garcia Espelta, Josep"]
[Result "0-1"]
[WhiteElo "1490"]
[BlackElo "2052"]
[PlyCount "100"]
[EventDate "2017.07.13"]
[EventType "swiss"]
[EventRounds "9"]
[EventCountry "ESP"]
[SourceTitle "Ajedrez en Madrid"]
[Source "lmi"]
[SourceDate "2017.07.13"]
[SourceVersion "1"]
[SourceVersionDate "2019.06.21"]
[SourceQuality "1"]

1. d4 Nf6 2. Nf3 g6 3. e3 Bg7 4. Bd3 d6 5. Nbd2 Nbd7 6. O-O O-O 7. c3 e5 8. Re1
Qe8 9. Qc2 Nh5 10. e4 Nf4 11. Nf1 Nxd3 12. Qxd3 c6 13. dxe5 dxe5 14. Ng5 h6 15.
Nh3 Qe7 16. f4 exf4 17. Bxf4 Ne5 18. Qg3 Rd8 19. Rad1 Rxd1 20. Rxd1 b6 21. Nf2
Ba6 22. Qe3 Kh7 23. b3 Rd8 24. Rxd8 Qxd8 25. c4 Bb7 26. Qd2 Qxd2 27. Bxd2 Bc8
28. Ne3 h5 29. Kf1 Be6 30. Ke2 Bf8 31. Nd3 Nxd3 32. Kxd3 f5 33. Nc2 fxe4+ 34.
Ke3 c5 35. Bc3 Bd6 36. h3 Bf5 37. a4 g5 38. a5 Kg6 39. Ke2 Bf4 40. Ne3 Be6 41.
Nd5 Bxd5 42. cxd5 Kf5 43. Kf2 e3+ 44. Ke2 Ke4 45. axb6 axb6 46. d6 Bxd6 47. Bf6
g4 48. Bg5 Bf4 49. hxg4 Bxg5 50. gxh5 b5 0-1

[Event "19. Obert Int. Sant Marti 2017"]
[Site "Barcelona ESP"]
[Date "2017.07.16"]
[Round "4.67"]
[White "Tateo, Ida"]
[Black "Rodriguez Vega, Blas"]
[Result "0-1"]
[WhiteElo "1238"]
[BlackElo "2048"]
[PlyCount "66"]
[EventDate "2017.07.13"]
[EventType "swiss"]
[EventRounds "9"]
[EventCountry "ESP"]
[SourceTitle "Ajedrez en Madrid"]
[Source "lmi"]
[SourceDate "2017.07.13"]
[SourceVersion "1"]
[SourceVersionDate "2019.06.21"]
[SourceQuality "1"]

1. e4 d5 2. exd5 Qxd5 3. Nc3 Qa5 4. d4 e5 5. dxe5 Bb4 6. Bd2 Nc6 7. a3 Nd4 8.
Nge2 Bg4 9. h3 Bxe2 10. Bxe2 O-O-O 11. O-O Be7 12. Bd3 Qxe5 13. Re1 Qd6 14.
Qg4+ f5 15. Qxg7 Bf6 16. Qf7 Ne7 17. Qc4 Rhg8 18. Kh1 Nec6 19. Rab1 Ne5 20. Qa4
Nxd3 21. cxd3 Nc6 22. Re3 Bg5 23. Nb5 Qd5 24. Rg1 Bxe3 25. Bxe3 a6 26. Na7+
Nxa7 27. Bxa7 Rg6 28. Qc2 b6 29. f3 Kb7 30. Rc1 Rc6 31. Qd2 Qxd3 32. Qf4 Rxc1+
33. Qxc1 Qd1+ 0-1